Process systems analysis and control (Record no. 13575)

000 -LEADER
fixed length control field 00578nam a22002051 4500
001 - CONTROL NUMBER
control field 13575
003 - CONTROL NUMBER IDENTIFIER
control field BD-DhUET
008 - FIXED-LENGTH DATA ELEMENTS--GENERAL INFORMATION
fixed length control field 730306s1965 nyua b 000 0 eng
040 ## - CATALOGING SOURCE
Original cataloging agency DLC
Transcribing agency DLC
Modifying agency BD-DhUET
082 ## - DEWEY DECIMAL CLASSIFICATION NUMBER
Classification number 660.284
Item number COU/1965
100 1# - MAIN ENTRY--PERSONAL NAME
Personal name Coughanowr, Donald R.
245 10 - TITLE STATEMENT
Title Process systems analysis and control
250 ## - EDITION STATEMENT
Edition statement 1st ed.
260 ## - PUBLICATION, DISTRIBUTION, ETC. (IMPRINT)
Place of publication, distribution, etc. New York
Name of publisher, distributor, etc. McGraw-Hill
Date of publication, distribution, etc. 1965
300 ## - PHYSICAL DESCRIPTION
Extent xii, 491 p.
Other physical details ill.
Dimensions 21 cm.
490 ## - SERIES STATEMENT
Series statement McGraw-Hill chemical engineering series
650 #0 - SUBJECT ADDED ENTRY--TOPICAL TERM
Topical term or geographic name as entry element Control devices process engineering
700 ## - ADDED ENTRY--PERSONAL NAME
Personal name Koppel, Lowell B.
942 ## - ADDED ENTRY ELEMENTS (KOHA)
Koha item type General Book
Holdings
Damaged status Lost status Koha normalized classification for sorting Withdrawn status Koha item type Koha date last seen Shelving location Piece designation (barcode) Koha date last borrowed Koha full call number Location (home branch) Copy number Sublocation or collection (holding branch) Not for loan Source of classification or shelving scheme Koha issues (times borrowed) Price effective from Date acquired
  660_284000000000000_COU_1965 General Book2015-03-03Circulation section29699 660.284/COU/1965Central Library, BUET1Central Library, BUET   2015-03-032015-03-03
  660_284000000000000_COU_1965 General Book2017-05-09Circulation section296892017-05-09660.284/COU/1965Central Library, BUET2Central Library, BUET  12015-03-032015-03-03
  660_284000000000000_COU_1965 General Book2015-03-03Circulation section29697 660.284/COU/1965Central Library, BUET3Central Library, BUET   2015-03-032015-03-03
  660_284000000000000_COU_1965 General Book2015-03-03Circulation section29692 660.284/COU/1965Central Library, BUET4Central Library, BUET   2015-03-032015-03-03
  660_284000000000000_COU_1965 General Book2015-03-03Circulation section29698 660.284/COU/1965Central Library, BUET5Central Library, BUET   2015-03-032015-03-03
  660_284000000000000_COU_1965 General Book2015-03-03Circulation section29690 660.284/COU/1965Central Library, BUET6Central Library, BUET   2015-03-032015-03-03
  660_284000000000000_COU_1965 General Book2015-03-03Cataloging to Circulation29688 660.284/COU/1965Central Library, BUET7Central Library, BUET   2015-03-032015-03-03
  660_284000000000000_COU_1965 General Book2015-03-04Circulation section34519 660.284/COU/1965Central Library, BUET8Central Library, BUET   2015-03-042015-03-04
  660_284000000000000_COU_1965 General Book2015-05-11Circulation section29694 660.284/COU/1965Central Library, BUET9Central Library, BUET   2015-05-112015-05-11
  660_284000000000000_COU_1965 General Book2015-05-11Circulation section29696 660.284/COU/1965Central Library, BUET10Central Library, BUET   2015-05-112015-05-11
  660_284000000000000_COU_1965 General Book2015-05-13Circulation section29695 660.284/COU/1965Central Library, BUET11Central Library, BUET   2015-05-132015-05-13
  660_284000000000000_COU_1965 General Book2015-05-14Circulation section17869 660.284/COU/1965Central Library, BUET12Central Library, BUET   2015-05-142015-05-14
  660_284000000000000_COU_1965 General Book2015-05-18Circulation section15822 660.284/COU/1965Central Library, BUET13Central Library, BUET   2015-05-182015-05-18
  660_284000000000000_COU_1965 General Book2015-06-20Reading section29700 660.284/COU/1965Central Library, BUET14Central Library, BUET   2015-06-202015-06-20
  660_284000000000000_COU_1965 General Book2015-06-20Reading section29701 660.284/COU/1965Central Library, BUET15Central Library, BUET   2015-06-202015-06-20
  660_284000000000000_COU_1965 General Book2015-07-10Circulation section16716 660.284/COU/1965Central Library, BUET16Central Library, BUET   2015-07-102015-07-10